000 01208cam a2200325 a 4500
999 _c26697
_d26697
001 3955157
003 OSt
005 20170206095917.0
008 931213s1993 enka b 001 0 eng d
010 _a 93242740
020 _a1851491600
035 _a(OCoLC)29209868
040 _aICU
_cICU
_dIU
_dNhD
_dDLC
042 _alccopycat
043 _aa-cc---
_aa-ii---
050 0 4 _aND497.C546C65 1993
082 0 0 _a759.2
_aB
_220
100 1 _aConner, Patrick,
_d1993-
245 1 0 _aGeorge Chinnery :
_b1774-1852 : artist of India and the China coast /
_cPatrick Conner.
260 _aWoodbridge (Suffolk, England) :
_bAntique Collectors' Club,
_c1993.
300 _a320 p. :
_bill. (some col.) ;
_c28 cm.
500 _aIncludes bibliographical references (p. 305-310) and index.
600 1 0 _aChinnery, George,
_d1993.
651 0 _aIndia
_vIn art.
651 0 _aChina
_vIn art.
906 _a7
_bcbc
_ccopycat
_d3
_encip
_f19
_gy-gencatlg
942 _2lcc
_cBOOKS
_hND497.C546C65 1993
_k34366